00918nam a2200301Ia 4500008004100000020001500041100002600056245002500082245006600107260001500173260002000188260000900208300001600217300002100233300001100254440005200265440001200317500011600329650002300445650001400468650001900482650001900501650002200520650002200542650002200564650002200586700000800608160803s9999 xx 000 0 und d a043931433X aStamper, Judith Bauer aPolar bear patrol /  c[written by Judith Stamper ; illustrations by Steve Haefele]. aNew York : bScholastic Inc. c2002 a91 pages :  billustrations ;  c20 cm. aThe Magic school bus : a science chapter book ; vbk. 13. a"Based on The Magic School Bus books written by Joanna Cole and illustrated by Bruce Degen."--Title page verso. aArctic regions --  aBears --  aPolar bear --  aPolar bear --  xJuvenile fiction. xJuvenile fiction. xJuvenile fiction. xJuvenile fiction. a460